| 000 | 00512nmm a2200145Ia 4500 | ||
|---|---|---|---|
| 005 | 20241120123234.0 | ||
| 008 | 241120s9999||||xx |||||||||||||||||und|| | ||
| 020 | _a9783039212774 | ||
| 100 | _a(Ina) ter Avest, K. H. | ||
| 245 | 0 | _aThere is a Crack in Everything—Education and Religion in a Secular Age | |
| 260 |
_aMDPI - Multidisciplinary Digital Publishing Institute _c2019 |
||
| 650 | _aclassroom observation | ||
| 856 | _uhttps://directory.doabooks.org/handle/20.500.12854/60864 | ||
| 942 | _cE-Book | ||
| 999 |
_c191928 _d191928 |
||